[Event "Seville op 39th"]
[Site "Seville"]
[Date "2014.01.18"]
[Round "9"]
[White "Ferrer Garcia, Isaac"]
[Black "Gimenez Iturralde, Daniel"]
[Result "1-0"]
[WhiteElo "2144"]
[BlackElo "2004"]
[PlyCount "59"]
[EventDate "2014.01.10"]
[EventType "swiss"]
[EventRounds "9"]
[EventCountry "ESP"]
[SourceTitle "CBM 158 Extra"]
[Source "ChessBase"]
[SourceDate "2014.02.28"]
[SourceVersion "1"]
[SourceVersionDate "2014.02.28"]
[SourceQuality "1"]

1. c4 Nf6 2. g3 g6 3. Bg2 Bg7 4. Nc3 0-0 5. d3 d6 6. e4 e5 7. Nge2 Nc6 8. 0-0 Nh5 9. Be3 f5 10. Qd2 f4 11. gxf4 exf4 12. Nxf4 Nxf4 13. Bxf4 Rxf4 14. Qxf4 g5 15. Qg3 h5 16. e5 Nxe5 17. f4 Ng4 18. fxg5 Qxg5 19. Qf4 Qxf4 20. Rxf4 c6 21. h3 Be5 22. Rf3 Bd4+ 23. Kh1 Ne5 24. Rg3+ Kh8 25. Rf1 Be6 26. Rf6 Bg8 27. Rh6+ Bh7 28. Be4 Ng4 29. Rxh7+ Kg8 30. hxg4 1-0

[Event "Seville op 36th"]
[Site "Seville"]
[Date "2011.01.07"]
[Round "1"]
[White "Lemos, Damian"]
[Black "Gimenez Iturralde, Daniel"]
[Result "1-0"]
[WhiteElo "2553"]
[BlackElo "1902"]
[PlyCount "49"]
[EventDate "2011.01.07"]
[EventType "swiss"]
[EventRounds "9"]
[EventCountry "ESP"]
[SourceTitle "CBM 140 Extra"]
[Source "ChessBase"]
[SourceDate "2011.03.01"]
[SourceVersion "1"]
[SourceVersionDate "2011.03.01"]
[SourceQuality "1"]

1. d4 Nf6 2. c4 g6 3. Nc3 Bg7 4. g3 d6 5. Bg2 0-0 6. Nf3 Nbd7 7. 0-0 c6 8. e4 e5 9. h3 Re8 10. Re1 h6 11. Be3 Qc7 12. Qd2 Kh7 13. Rad1 Nb6 14. b3 Bd7 15. Qc1 Bf8 16. c5 dxc5 17. dxe5 Ng8 18. Ne2 c4 19. bxc4 Bb4 20. Rf1 Be6 21. Nf4 Qc8 22. c5 Bc4 23. cxb6 Bxf1 24. Bxf1 axb6 25. Qc4 1-0